000 00651nam a2200205Ia 4500
003 OSt
005 20230511161745.0
008 210423s2009 xx 000 0 und d
020 _a9788126522729
040 _cAL
041 _aeng
082 _a574.80285
_223
_b EIDI
100 _aEIDHAMMER (Ingvar);others.
_9103898
245 _aProtein bioinformatics: an algorithmic approach to sequence and structure analysis.
260 _aNew Delhi
_bWiley India Pvt Ltd
_c2009
300 _axviii,355
_bPB
365 _b895
_cINR
906 _aalgorithmic ; an ; analysis. ; approach ; bioinformatics: ; Protein ; sequence ; structure
942 _2ddc
_cBK
999 _c164337
_d164337